[Event "Ct. Catalunya eq DH"]
[Site "?"]
[Date "2012.02.25"]
[Round "5.7"]
[White "Castellet Giralt, G."]
[Black "Martinez Lopez, I."]
[Result "1/2-1/2"]
[WhiteElo "2311"]
[BlackElo "2327"]
[PlyCount "82"]
[EventDate "2012.??.??"]
[EventType "team"]
[EventRounds "11"]

1. d4 Nf6 2. c4 g6 3. Nc3 Bg7 4. e4 d6 5. f4 O-O 6. Nf3 c5 7. dxc5 dxc5 8. Bd3
Nc6 9. e5 Ne8 10. O-O Nc7 11. Be4 Bd7 12. Be3 b6 13. Qe1 f5 14. exf6 exf6 15.
Rd1 Qe7 16. f5 gxf5 17. Bd5+ Nxd5 18. Nxd5 Qf7 19. Nh4 Rae8 20. Qg3 Kh8 21.
Nxf5 Bxf5 22. Rxf5 Ne7 23. Nxe7 Rxe7 24. Rfd5 Rfe8 25. Bf2 f5 26. Qd3 Bxb2 27.
Rxf5 Qg6 28. Qf3 Bg7 29. h4 Qe6 30. Re1 Qg8 31. Rxe7 Rxe7 32. h5 h6 33. Bh4 Re8
34. Bf6 Qxc4 35. Bxg7+ Kxg7 36. Rf4 Qe6 37. Kh2 c4 38. Qc3+ Qe5 39. Qg3+ Kh8
40. Rf8+ Kh7 41. Rf7+ Kh8 1/2-1/2

[Event "Ct. Catalunya eq DH"]
[Site "?"]
[Date "2012.??.??"]
[Round "5.7"]
[White "Rodriguez Vargas, O."]
[Black "Perez Mañas, B."]
[Result "1/2-1/2"]
[WhiteElo "2420"]
[BlackElo "2353"]
[PlyCount "44"]
[EventDate "2012.??.??"]
[EventType "team"]
[EventRounds "11"]

1. d4 Nf6 2. c4 e6 3. Nf3 b6 4. Bf4 Bb7 5. e3 Be7 6. Nc3 Nh5 7. Bg3 f5 8. Bd3
O-O 9. Qc2 Nc6 10. a3 Bf6 11. O-O-O Ne7 12. Kb1 h6 13. h3 Nxg3 14. fxg3 d6 15.
g4 Qc8 16. Rhf1 c5 17. d5 exd5 18. gxf5 Bxc3 19. Qxc3 dxc4 20. Qxc4+ d5 21. Qg4
Qc7 22. e4 c4 1/2-1/2

[Event "Ct. Catalunya eq DH"]
[Site "?"]
[Date "2012.02.25"]
[Round "5.8"]
[White "Fernandez Serrano, P."]
[Black "Almeida Toledano, D."]
[Result "1/2-1/2"]
[WhiteElo "2249"]
[BlackElo "2399"]
[PlyCount "91"]
[EventDate "2012.??.??"]
[EventType "team"]
[EventRounds "11"]

1. d4 d5 2. Bf4 Nf6 3. e3 Bg4 4. Nf3 e6 5. Be2 Bd6 6. Bg5 h6 7. Bh4 c5 8. c3
Nbd7 9. Nbd2 O-O 10. O-O Qc7 11. dxc5 Bxc5 12. Nd4 Bxe2 13. Qxe2 Qb6 14. N4b3
Bd6 15. e4 Qc7 16. Bg3 Bxg3 17. hxg3 Nb6 18. e5 Nfd7 19. Rfe1 Rac8 20. Nd4 a6
21. Qe3 Nc4 22. Nxc4 Qxc4 23. g4 Nb8 24. g5 hxg5 25. Qxg5 Nc6 26. Red1 Rce8 27.
Nxc6 Qxc6 28. Rd4 f6 29. exf6 Rxf6 30. Rg4 Rf7 31. Re1 Qb6 32. Re2 e5 33. Kh2
Re6 34. Rxe5 Qd6 35. f4 Rh6+ 36. Kg3 d4 37. Rd5 Qe6 38. Re5 Qd6 39. Rd5 Qe6 40.
Qe5 dxc3 41. bxc3 Qc6 42. Rc5 Qd7 43. Rd5 Qc6 44. Rc5 Qd7 45. Rd5 Qc6 46. Rc5
1/2-1/2

[Event "Ct. Catalunya eq DH"]
[Site "?"]
[Date "2012.??.??"]
[Round "5.8"]
[White "Pijuan Herranz, M."]
[Black "Moreno Carretero, C."]
[Result "1-0"]
[WhiteElo "2302"]
[BlackElo "2251"]
[PlyCount "79"]
[EventDate "2012.??.??"]
[EventType "team"]
[EventRounds "11"]

1. d4 d5 2. Nf3 Nf6 3. c4 e6 4. g3 dxc4 5. Bg2 Nc6 6. Qa4 Bd7 7. Qxc4 b5 8. Qb3
Rc8 9. Bd2 Be7 10. O-O O-O 11. a3 a5 12. Qd3 b4 13. Rc1 Nd5 14. e4 Nb6 15. Be3
Na7 16. Qc2 Nb5 17. a4 Nd6 18. Ne5 f6 19. Nc6 Qe8 20. Na7 Rb8 21. b3 e5 22. Nc6
Bxc6 23. Qxc6 Qh5 24. Nd2 Rfc8 25. h4 Rd8 26. dxe5 Qxe5 27. Ra2 Ne8 28. Nf3 Qd6
29. Nd4 Rbc8 30. Nf5 Qd7 31. Bh3 Kf8 32. Nxe7 Qxh3 33. Nxc8 Nxc8 34. Rd2 Rxd2
35. Bxd2 Ncd6 36. Bf4 Nf7 37. Qc5+ Kg8 38. Qe7 Qc8 39. Rc5 c6 40. Rxa5 1-0

[Event "Ct. Catalunya eq DH"]
[Site "?"]
[Date "2012.02.25"]
[Round "5.8"]
[White "Rahal, M."]
[Black "Llaneza Vega, P."]
[Result "1-0"]
[WhiteElo "2339"]
[BlackElo "2220"]
[PlyCount "71"]
[EventDate "2012.??.??"]
[EventType "team"]
[EventRounds "11"]

1. Nf3 Nf6 2. d4 g6 3. Nc3 d5 4. Bf4 Bg7 5. Qd2 Ne4 6. Nxe4 dxe4 7. Ne5 f6 8.
Nc4 Be6 9. e3 Nd7 10. Be2 O-O 11. O-O Bf7 12. Rfd1 c6 13. Bg3 Nb6 14. Na5 Qd7
15. c3 Nc8 16. Qc2 f5 17. Nc4 Bxc4 18. Bxc4+ Kh8 19. Qb3 Nd6 20. Be6 Qd8 21. c4
Qb6 22. Qa3 Qd8 23. Be5 Ne8 24. Qc3 h6 25. g3 Kh7 26. b4 a5 27. a3 axb4 28.
axb4 Rxa1 29. Qxa1 Bxe5 30. dxe5 Qb6 31. Rd7 Qxb4 32. Qa8 Qe1+ 33. Kg2 Qe2 34.
Qd8 Nd6 35. Qxe7+ Rf7 36. Qxd6 1-0

[Event "Ct. Catalunya eq DH"]
[Site "?"]
[Date "2012.??.??"]
[Round "5.8"]
[White "Rivas Garcia, V."]
[Black "Martin Gonzalez, A."]
[Result "0-1"]
[WhiteElo "2331"]
[BlackElo "2418"]
[PlyCount "96"]
[EventDate "2012.??.??"]
[EventType "team"]
[EventRounds "11"]

1. e4 c5 2. Nf3 d6 3. d4 cxd4 4. Nxd4 Nf6 5. Nc3 g6 6. Be3 Bg7 7. f3 Nc6 8. Qd2
O-O 9. O-O-O d5 10. Kb1 Nxd4 11. e5 Nf5 12. exf6 exf6 13. Nxd5 Nxe3 14. Qxe3
Be6 15. Bc4 f5 16. c3 Re8 17. Qf2 Qa5 18. Bb3 Rad8 19. Rhe1 h6 20. f4 Kh7 21.
Nb4 Bxb3 22. axb3 Rxe1 23. Rxe1 Qc7 24. Kc2 Rd4 25. Nd3 Re4 26. g3 a5 27. Qd2
Qe7 28. Kd1 Qe6 29. b4 Qb3+ 30. Qc2 Qd5 31. Kc1 axb4 32. Rxe4 Qxe4 33. Nxb4
Qh1+ 34. Qd1 Qxh2 35. Qf3 h5 36. Nd3 b6 37. Nb4 Qh3 38. Qf2 Bf8 39. Nc2 Bc5 40.
Qe1 Qh2 41. b4 Bf8 42. Nd4 h4 43. gxh4 Qxf4+ 44. Kb2 Bxb4 45. Ne2 Qe5 46. Qd2
Bc5 47. Nc1 Be3 48. Qd3 f4 0-1

[Event "Ct. Catalunya eq DH"]
[Site "?"]
[Date "2012.02.25"]
[Round "5.9"]
[White "Bofill Mas, A."]
[Black "Papadopoulou, V."]
[Result "1-0"]
[WhiteElo "2406"]
[BlackElo "2244"]
[PlyCount "81"]
[EventDate "2012.??.??"]
[EventType "team"]
[EventRounds "11"]

1. c4 Nf6 2. g3 g6 3. Bg2 Bg7 4. Nc3 d6 5. e4 e5 6. Nge2 O-O 7. O-O Be6 8. d3
Qd7 9. f4 Bh3 10. f5 Bxg2 11. Kxg2 c6 12. h3 Na6 13. g4 h6 14. g5 hxg5 15. Bxg5
Nc7 16. Ng3 b5 17. Qf3 Rab8 18. b3 b4 19. Nce2 d5 20. Rf2 dxc4 21. dxc4 c5 22.
Raf1 Rb6 23. Qe3 Qc6 24. Kh2 Nce8 25. Ng1 a5 26. Nf3 Qc7 27. Bh6 Ra6 28. Nh4
Kh7 29. Bxg7 Kxg7 30. fxg6 fxg6 31. Qg5 Nh7 32. Nh5+ Kg8 33. Rxf8+ Nxf8 34. Qh6
Qe7 35. Nf5 Qh7 36. Qg5 Qxh5 37. Nh6+ Kh7 38. Qe7+ Ng7 39. Ng4 Nd7 40. Rf7 Rd6
41. Qxd6 1-0

[Event "Ct. Catalunya eq DH"]
[Site "?"]
[Date "2012.02.25"]
[Round "5.9"]
[White "Bruned Segura, M."]
[Black "Guasch Sariol, J."]
[Result "1/2-1/2"]
[WhiteElo "2268"]
[BlackElo "2235"]
[PlyCount "150"]
[EventDate "2012.??.??"]
[EventType "team"]
[EventRounds "11"]

1. e4 e6 2. d4 d5 3. Nd2 dxe4 4. Nxe4 Bd7 5. Nf3 Bc6 6. Bd3 Nd7 7. O-O Ngf6 8.
Ng3 Bxf3 9. Qxf3 c6 10. Re1 Be7 11. c4 O-O 12. Bd2 Re8 13. Bc3 a5 14. a3 Nb6
15. b3 Qc7 16. Ne4 Nbd7 17. Ng5 h6 18. Ne4 Nxe4 19. Rxe4 Bf6 20. Bc2 e5 21.
Rae1 Re6 22. dxe5 Bxe5 23. Bxe5 Rxe5 24. Rxe5 Nxe5 25. Qe4 Ng6 26. g3 Qd6 27.
Rd1 Qxa3 28. Rd7 Qa1+ 29. Kg2 Qe5 30. Rxb7 Qxe4+ 31. Bxe4 a4 32. bxa4 Rxa4 33.
Bxc6 Rxc4 34. Bd5 Rf4 35. gxf4 Nxf4+ 36. Kf3 Nxd5 37. Ke4 Nf6+ 38. Kf5 Nh5 39.
Ke5 g6 40. Rb3 Kg7 41. Rf3 Kf8 42. Rh3 Kg7 43. Rf3 Kf8 44. Kd6 Ng7 45. Ra3 Nf5+
46. Ke5 Kg7 47. Ra7 h5 48. h3 Nh6 49. Ra4 Nf5 50. Rf4 Nh6 51. Rf3 Ng8 52. Rf4
Nh6 53. Rf6 Ng8 54. Ra6 Nh6 55. Kf4 Nf5 56. Kg5 Nh6 57. Ra5 Ng8 58. f3 Nf6 59.
Ra8 Nh7+ 60. Kf4 Nf6 61. Rd8 Ng8 62. Ke5 Nh6 63. Rd7 Nf5 64. Ra7 Nh6 65. Ra4
Nf5 66. Rf4 Nh6 67. Kd6 Nf5+ 68. Rxf5 gxf5 69. f4 h4 70. Ke7 Kg6 71. Ke8 Kf6
72. Kd7 Kg6 73. Kd6 Kg7 74. Kd5 Kh6 75. Ke5 Kg6 1/2-1/2

[Event "Ct. Catalunya eq DH"]
[Site "?"]
[Date "2012.02.25"]
[Round "5.9"]
[White "Dickl, E."]
[Black "Hernandez Casillas, JJ."]
[Result "1/2-1/2"]
[WhiteElo "2272"]
[BlackElo "2278"]
[PlyCount "49"]
[EventDate "2012.??.??"]
[EventType "team"]
[EventRounds "11"]

1. e4 d6 2. Nc3 Nf6 3. Bc4 g6 4. d3 Bg7 5. h4 c5 6. Bg5 h5 7. Qd2 Nc6 8. a3 a6
9. Nge2 Ne5 10. Bb3 Bg4 11. O-O-O Bxe2 12. Nxe2 Qd7 13. f3 Rc8 14. d4 cxd4 15.
Nxd4 Qc7 16. Kb1 Nc4 17. Qb4 O-O 18. Bxc4 Qxc4 19. Qxc4 Rxc4 20. c3 Rfc8 21.
Nc2 R4c5 22. Be3 Rc4 23. Bg5 R4c5 24. Be3 Rc4 25. Bg5 1/2-1/2

[Event "Ct. Catalunya eq DH"]
[Site "?"]
[Date "2012.??.??"]
[Round "5.9"]
[White "Mestre Bellido, H."]
[Black "Bosque Ortega, X."]
[Result "0-1"]
[WhiteElo "2380"]
[BlackElo "2321"]
[PlyCount "90"]
[EventDate "2012.??.??"]
[EventType "team"]
[EventRounds "11"]

1. e4 c6 2. d4 d5 3. Nc3 g6 4. Bf4 dxe4 5. Nxe4 Bg7 6. c3 Nd7 7. Nf3 Ngf6 8.
Nxf6+ Nxf6 9. Bc4 O-O 10. Qd2 b6 11. Bh6 c5 12. Bxg7 Kxg7 13. dxc5 bxc5 14. Qe2
Bg4 15. h3 Bxf3 16. Qxf3 Rb8 17. Qe2 e6 18. O-O Qc7 19. Rad1 Rfd8 20. Rfe1 Rb6
21. Rxd8 Qxd8 22. Rd1 Rd6 23. Rd3 Rxd3 24. Qxd3 Qxd3 25. Bxd3 Nd5 26. g3 e5 27.
Kf1 f5 28. Ke2 Kf6 29. Kd2 e4 30. Be2 g5 31. Bc4 Nb6 32. Bg8 h6 33. Bb3 Ke5 34.
Ke2 f4 35. Kd2 Nc8 36. Ba4 Nd6 37. Bd7 Nc4+ 38. Kc2 fxg3 39. fxg3 Ne3+ 40. Kb3
Nf1 41. g4 Nd2+ 42. Kc2 Nf3 43. Bc6 Kf4 44. b4 cxb4 45. cxb4 Nd4+ 0-1

[Event "Ct. Catalunya eq DH"]
[Site "?"]
[Date "2012.??.??"]
[Round "5.9"]
[White "Ordobas Martinez, V."]
[Black "Serra Pages, J."]
[Result "1-0"]
[WhiteElo "2208"]
[BlackElo "2299"]
[PlyCount "65"]
[EventDate "2012.??.??"]
[EventType "team"]
[EventRounds "11"]

1. e4 e5 2. d4 exd4 3. c3 d5 4. exd5 Qxd5 5. cxd4 Nc6 6. Nf3 Bg4 7. Be2 Nf6 8.
Nc3 Bb4 9. O-O Bxc3 10. bxc3 O-O 11. Bf4 Qd7 12. Rb1 Nd5 13. Bd2 Nb6 14. Qc2 h6
15. h3 Be6 16. Bf4 Rab8 17. Rfd1 Bf5 18. Bd3 Bxd3 19. Qxd3 Na5 20. Ne5 Qa4 21.
Rd2 f6 22. Ng6 Rf7 23. Re2 Nd5 24. Rbe1 Nc4 25. h4 Nd6 26. h5 Nxf4 27. Nxf4 Qc4
28. Qc2 Rff8 29. Ng6 Rfe8 30. Ne7+ Kh8 31. Qg6 Qf7 32. Qxf7 Nxf7 33. Ng6+ 1-0

[Event "Ct. Catalunya eq DH"]
[Site "?"]
[Date "2012.02.25"]
[Round "5.10"]
[White "Carrasco Rodriguez, J."]
[Black "Llados Peiro, JM."]
[Result "1/2-1/2"]
[WhiteElo "2280"]
[BlackElo "2207"]
[PlyCount "28"]
[EventDate "2012.??.??"]
[EventType "team"]
[EventRounds "11"]

1. e4 c6 2. d4 d5 3. Nc3 dxe4 4. Nxe4 Bf5 5. Ng3 Bg6 6. h4 h6 7. Bc4 Nf6 8. Qe2
e6 9. Nf3 Nbd7 10. h5 Bh7 11. O-O Qc7 12. Re1 O-O-O 13. c3 Kb8 14. a4 g6
1/2-1/2

[Event "Ct. Catalunya eq DH"]
[Site "?"]
[Date "2012.??.??"]
[Round "5.10"]
[White "Colls Gelaberto, E."]
[Black "Luke Brezmes, C."]
[Result "1/2-1/2"]
[WhiteElo "2270"]
[BlackElo "2132"]
[PlyCount "45"]
[EventDate "2012.??.??"]
[EventType "team"]
[EventRounds "11"]

1. d4 d5 2. c4 c6 3. e3 Nf6 4. Nf3 e6 5. Nbd2 Nbd7 6. Bd3 Bd6 7. O-O O-O 8. e4
dxe4 9. Nxe4 Nxe4 10. Bxe4 e5 11. dxe5 Nxe5 12. Nxe5 Bxe5 13. Bxh7+ Kxh7 14.
Qh5+ Kg8 15. Qxe5 Re8 16. Qc3 Qh4 17. Be3 Bf5 18. Rad1 Re6 19. Rd4 Qf6 20. Rfd1
Rae8 21. h3 Be4 22. Bc1 c5 23. Rd7 1/2-1/2

[Event "Ct. Catalunya eq DH"]
[Site "?"]
[Date "2012.??.??"]
[Round "5.10"]
[White "Mingo Fernandez, M."]
[Black "Ibañez Tarradellas, E."]
[Result "1/2-1/2"]
[WhiteElo "2284"]
[BlackElo "2380"]
[PlyCount "66"]
[EventDate "2012.??.??"]
[EventType "team"]
[EventRounds "11"]

1. d4 d5 2. Nf3 Nc6 3. Bf4 Bg4 4. Nbd2 e6 5. c3 Bd6 6. Bg3 f5 7. e3 Nf6 8. Qb3
Rb8 9. Bd3 O-O 10. Bh4 b5 11. h3 Bxf3 12. Nxf3 Ne7 13. Bxf6 Rxf6 14. Qc2 c5 15.
dxc5 Bxc5 16. O-O Qd6 17. Qe2 e5 18. Bc2 e4 19. Nd4 Bxd4 20. cxd4 f4 21. exf4
Rxf4 22. Bb3 a5 23. a3 a4 24. Ba2 b4 25. axb4 Rxb4 26. g3 Rf7 27. Qd2 Qb6 28.
Qg5 h6 29. Qe3 Nf5 30. Qc3 Rxd4 31. Rad1 Rxd1 32. Rxd1 Ne7 33. Qd4 Qe6 1/2-1/2

[Event "Ct. Catalunya eq DH"]
[Site "?"]
[Date "2012.02.25"]
[Round "5.10"]
[White "Tallo Dominguez, I."]
[Black "Ballester Benito, R."]
[Result "1-0"]
[WhiteElo "2170"]
[BlackElo "1801"]
[PlyCount "49"]
[EventDate "2012.??.??"]
[EventType "team"]
[EventRounds "11"]

1. e4 c5 2. Nf3 a6 3. c4 Nc6 4. d4 cxd4 5. Nxd4 e6 6. Nc3 Bc5 7. Nb3 Bb4 8. Bd3
Nf6 9. O-O Ne5 10. Bf4 Ng6 11. Bg3 O-O 12. e5 Ne8 13. Ne4 d6 14. a3 Bc5 15.
Nbxc5 dxc5 16. Nxc5 Qc7 17. Ne4 Nxe5 18. Ng5 f5 19. Re1 f4 20. Bxh7+ Kh8 21.
Bg6 Nf6 22. Bxf4 Rd8 23. Qb3 Qxc4 24. Qh3+ Kg8 25. Bxe5 1-0

[Event "Ct. Catalunya eq DH"]
[Site "?"]
[Date "2012.02.25"]
[Round "5.10"]
[White "Vives Jaume, O."]
[Black "Quintas Galeano, L."]
[Result "1/2-1/2"]
[WhiteElo "2238"]
[BlackElo "2155"]
[PlyCount "97"]
[EventDate "2012.??.??"]
[EventType "team"]
[EventRounds "11"]

1. d4 Nf6 2. c4 e6 3. Nc3 Bb4 4. e3 O-O 5. Bd3 c5 6. Nf3 d5 7. a3 Bxc3+ 8. bxc3
b6 9. O-O Nbd7 10. Bb2 Qc7 11. Nd2 Bb7 12. Re1 Ne4 13. Rc1 f5 14. f3 Nxd2 15.
Qxd2 Nf6 16. cxd5 c4 17. d6 Qc6 18. Bb1 Qxd6 19. Qe2 Qc6 20. Rcd1 Rae8 21. Ba2
Rc8 22. Bc1 Nd5 23. Qc2 Rf6 24. Bb1 Rg6 25. e4 fxe4 26. Rxe4 Nf6 27. Qe2 Qb5
28. Bf4 Nxe4 29. fxe4 Rf8 30. Be5 Qb3 31. d5 Qxa3 32. dxe6 Qc5+ 33. Bd4 Qe7 34.
Qxc4 Qxe6 35. Qxe6+ Rxe6 36. Ba2 Rfe8 37. Be5 Kf7 38. Rd7+ R8e7 39. Rxe7+ Kxe7
40. Bxe6 Kxe6 41. Bxg7 Bxe4 42. Bd4 Kd5 43. Kf2 a5 44. Bxb6 a4 45. c4+ Kxc4 46.
g4 a3 47. Ke3 a2 48. Bd4 Bb1 49. h4 1/2-1/2

[Event "Ct. Catalunya eq DH"]
[Site "?"]
[Date "2012.03.03"]
[Round "6.2"]
[White "Fernandez Vicente, C."]
[Black "Vang Glud, J."]
[Result "0-1"]
[WhiteElo "2253"]
[BlackElo "2497"]
[PlyCount "76"]
[EventDate "2012.??.??"]
[EventType "team"]
[EventRounds "11"]

1. c4 e6 2. g3 Nf6 3. Nf3 a6 4. Bg2 b5 5. b3 c5 6. O-O Bb7 7. Bb2 Be7 8. d3 O-O
9. Nbd2 d6 10. e3 Nbd7 11. Qe2 Qb6 12. Rfd1 Rfd8 13. d4 Ne4 14. Nxe4 Bxe4 15.
dxc5 Nxc5 16. Nd4 bxc4 17. Bxe4 Nxe4 18. Qxc4 Rac8 19. Qd3 Qb7 20. f3 Nc5 21.
Qe2 Rd7 22. Rd2 Rdc7 23. Rad1 d5 24. Kg2 Bf8 25. Nc2 Na4 26. bxa4 Qxb2 27. Nd4
Qb6 28. f4 g6 29. h4 Qa5 30. h5 Qxa4 31. hxg6 hxg6 32. Qg4 Bg7 33. f5 exf5 34.
Qh4 Qe8 35. Rh1 Qe4+ 36. Kf2 Rc3 37. Qh7+ Kf8 38. Re2 Bxd4 0-1

[Event "Ct. Catalunya eq DH"]
[Site "?"]
[Date "2012.03.03"]
[Round "6.3"]
[White "Mellado Triviño, J."]
[Black "Moreno Carretero, C."]
[Result "1-0"]
[WhiteElo "2497"]
[BlackElo "2251"]
[PlyCount "95"]
[EventDate "2012.??.??"]
[EventType "team"]
[EventRounds "11"]

1. e4 e5 2. Nf3 Nc6 3. d4 exd4 4. Nxd4 Nf6 5. Nxc6 bxc6 6. e5 Qe7 7. Qe2 Nd5 8.
Nd2 f6 9. Nf3 d6 10. c4 Nb6 11. exf6 Qxe2+ 12. Bxe2 gxf6 13. Nd4 Bd7 14. Bh5+
Kd8 15. b3 d5 16. O-O c5 17. Ne2 Bd6 18. Bb2 d4 19. Rad1 a5 20. Nxd4 cxd4 21.
Bxd4 c5 22. Bxf6+ Kc7 23. Bxh8 Rxh8 24. Rfe1 Nc8 25. Re3 Rf8 26. Bf3 Ne7 27.
Be4 h6 28. Red3 Rf6 29. g3 Nc6 30. Kg2 Nd4 31. Rxd4 cxd4 32. Rxd4 Bc5 33. Rd2
Rd6 34. Bd5 Bc6 35. f4 Rd8 36. Kf3 Bxd5+ 37. Rxd5 Rxd5 38. cxd5 Kd6 39. Ke4 Ba3
40. g4 Bb4 41. h4 Be1 42. h5 Bd2 43. Kf5 Kxd5 44. g5 Kd6 45. Kf6 Bc3+ 46. Kf7
hxg5 47. fxg5 Ke5 48. g6 1-0

[Event "Ct. Catalunya eq DH"]
[Site "?"]
[Date "2012.03.03"]
[Round "6.3"]
[White "Vives Esmerat, J."]
[Black "Cruz Sanchez, C."]
[Result "0-1"]
[WhiteElo "2360"]
[BlackElo "2555"]
[PlyCount "85"]
[EventDate "2012.??.??"]
[EventType "team"]
[EventRounds "11"]

1. e4 c5 2. b3 d6 3. Bb2 Nf6 4. Nc3 g6 5. Nd5 Bg7 6. Nxf6+ exf6 7. Bc4 O-O 8.
Ne2 Re8 9. d3 f5 10. Bxg7 Kxg7 11. O-O Nc6 12. f3 Qf6 13. Qd2 Bd7 14. Nc3 a6
15. a4 Be6 16. a5 Rad8 17. Rfe1 h5 18. Bd5 Qd4+ 19. Kh1 Bxd5 20. Nxd5 fxe4 21.
fxe4 Rxe4 22. Ne3 Re6 23. Ra4 Qb2 24. Rf1 Rf6 25. Raa1 Re8 26. Nc4 Qd4 27. c3
Qh4 28. g3 Rxf1+ 29. Rxf1 Qe7 30. Qf4 Ne5 31. Re1 Qc7 32. Qe4 Re6 33. Qd5 Nxc4
34. Rxe6 fxe6 35. Qxc4 d5 36. Qa4 Qf7 37. Kg2 g5 38. h3 Kg6 39. b4 g4 40. hxg4
hxg4 41. Qd1 Qf5 42. bxc5 e5 43. Qd2 {Irreproduible} 0-1

[Event "Ct. Catalunya eq DH"]
[Site "?"]
[Date "2012.03.03"]
[Round "6.4"]
[White "Lariño Nieto, D."]
[Black "Lillo Castany, V."]
[Result "1-0"]
[WhiteElo "2493"]
[BlackElo "2349"]
[PlyCount "83"]
[EventDate "2012.??.??"]
[EventType "team"]
[EventRounds "11"]

1. e4 e5 2. Nf3 Nc6 3. Bb5 f5 4. exf5 e4 5. Bxc6 dxc6 6. Qe2 Qe7 7. Nd4 Qe5 8.
Ne6 Bxe6 9. fxe6 Bd6 10. d4 exd3 11. Qxe5 Bxe5 12. O-O dxc2 13. Na3 O-O-O 14.
Nxc2 Ne7 15. Re1 Bf6 16. Ne3 Rd4 17. Nc2 Rc4 18. Re2 Rd8 19. f3 Rd1+ 20. Kf2
Rh1 21. Bd2 Rxa1 22. Nxa1 Bxb2 23. Bg5 Bd4+ 24. Ke1 Bf6 25. Bxf6 gxf6 26. Nc2
Kd8 27. Ne3 Rc1+ 28. Kf2 Ke8 29. Rd2 Ra1 30. g4 b5 31. f4 a5 32. f5 Nd5 33.
Nxd5 cxd5 34. g5 Rh1 35. Rxd5 Rxh2+ 36. Kg3 c6 37. Rc5 Rd2 38. gxf6 Rd6 39. Kf4
a4 40. Ke5 Rd5+ 41. Rxd5 cxd5 42. Kd6 1-0

[Event "Ct. Catalunya eq DH"]
[Site "?"]
[Date "2012.03.03"]
[Round "6.4"]
[White "Ordobas Martinez, V."]
[Black "Gonzalez Perez, A."]
[Result "0-1"]
[WhiteElo "2208"]
[BlackElo "2483"]
[PlyCount "80"]
[EventDate "2012.??.??"]
[EventType "team"]
[EventRounds "11"]

1. e4 e5 2. d4 exd4 3. c3 dxc3 4. Nxc3 Nc6 5. Nf3 d6 6. Bc4 Nf6 7. Qb3 Qd7 8.
O-O Na5 9. Qb5 Nxc4 10. Qxc4 Be7 11. Rd1 Qc6 12. Qxc6+ bxc6 13. e5 Nd7 14. Bf4
d5 15. Nd4 Nb8 16. Rac1 g5 17. Be3 Bd7 18. Na4 Rg8 19. Nc5 Rg6 20. Rd3 Bxc5 21.
Rxc5 Na6 22. Ra5 c5 23. Nb5 Bxb5 24. Rxb5 d4 25. Bd2 Rb8 26. Rdb3 Rxb5 27. Rxb5
Rb6 28. Rxb6 cxb6 29. Bxg5 Nb4 30. a3 Nd3 31. b3 Nxe5 32. Kf1 Kd7 33. Ke2 Ke6
34. Bd2 Kd5 35. f4 Nc6 36. Kd3 b5 37. g4 c4+ 38. bxc4+ bxc4+ 39. Ke2 Ke4 40. h4
c3 0-1

[Event "Ct. Catalunya eq DH"]
[Site "?"]
[Date "2012.03.03"]
[Round "6.6"]
[White "Miquel Erice, J."]
[Black "Rahal, M."]
[Result "1/2-1/2"]
[WhiteElo "2136"]
[BlackElo "2420"]
[PlyCount "70"]
[EventDate "2012.??.??"]
[EventType "team"]
[EventRounds "11"]

1. e4 e6 2. d4 d5 3. Nd2 dxe4 4. Nxe4 Bd7 5. Nf3 Bc6 6. Bd3 Nd7 7. Qe2 Ngf6 8.
Neg5 Qe7 9. Bf4 h6 10. Ne4 Nxe4 11. Bxe4 Bxe4 12. Qxe4 O-O-O 13. Bg3 g5 14. Qe3
f5 15. Be5 Rg8 16. O-O-O Qb4 17. Rd3 Nb6 18. Bf6 Re8 19. d5 Bc5 20. Bd4 Bxd4
21. Rxd4 Qa5 22. dxe6 Qxa2 23. e7 f4 24. Qe4 Kb8 25. Rhd1 Qa1+ 26. Kd2 Qxb2 27.
Qe6 Nc8 28. Rd7 Qb6 29. Qxg8 Rxg8 30. Rd8 Qb4+ 31. Kc1 Qa3+ 32. Kb1 Qb4+ 33.
Kc1 Qa3+ 34. Kb1 Qb4+ 35. Kc1 Qa3+ 1/2-1/2

[Event "Ct. Catalunya eq DH"]
[Site "?"]
[Date "2012.03.03"]
[Round "6.6"]
[White "Vehi Bach, VM."]
[Black "Pijuan Herranz, M."]
[Result "1-0"]
[WhiteElo "2426"]
[BlackElo "2302"]
[PlyCount "88"]
[EventDate "2012.??.??"]
[EventType "team"]
[EventRounds "11"]

1. e4 e5 2. Nf3 Nc6 3. Nc3 Nf6 4. Bb5 Bd6 5. O-O O-O 6. d3 Re8 7. Ne2 a6 8. Ba4
b5 9. Bb3 Na5 10. Ng3 Nxb3 11. axb3 Bc5 12. Nxe5 Rxe5 13. d4 Re6 14. dxc5 Qe7
15. Be3 Nxe4 16. Nf5 Qf6 17. Nd4 Re8 18. Nxb5 Qc6 19. Nd4 Qxc5 20. c3 Qd5 21.
b4 a5 22. Nb3 Qb5 23. Rxa5 Rxa5 24. Nxa5 c5 25. Qd5 Ba6 26. Rd1 cxb4 27. Qxb5
Bxb5 28. cxb4 Nf6 29. Rd6 h6 30. h3 Re4 31. Bc5 Re1+ 32. Kh2 Ne4 33. Rb6 Nd2
34. Kg3 Ne4+ 35. Kh2 Nd2 36. h4 Bd3 37. Rd6 Nf1+ 38. Kh3 Bf5+ 39. g4 Be6 40. h5
Re4 41. Kg2 Re1 42. Rd4 f5 43. b5 Rc1 44. b4 f4 1-0

[Event "Ct. Catalunya eq DH"]
[Site "?"]
[Date "2012.03.03"]
[Round "6.7"]
[White "Colon Garcia, E."]
[Black "Luke Brezmes, C."]
[Result "1-0"]
[WhiteElo "2376"]
[BlackElo "2132"]
[PlyCount "123"]
[EventDate "2012.??.??"]
[EventType "team"]
[EventRounds "11"]

1. e4 e6 2. d4 d5 3. Nd2 Nf6 4. e5 Nfd7 5. Bd3 c5 6. c3 Nc6 7. Ne2 Qb6 8. Nf3
cxd4 9. cxd4 f6 10. exf6 Nxf6 11. O-O Bd6 12. b3 e5 13. dxe5 Nxe5 14. Nxe5 Bxe5
15. Rb1 O-O 16. h3 Bd7 17. Be3 Qb4 18. Nd4 Ne4 19. Nc2 Qe7 20. Bxe4 dxe4 21.
Qd5+ Rf7 22. Rbd1 Bc6 23. Qc4 a6 24. a4 Bc7 25. Nb4 Qe5 26. g3 Qf5 27. Nxc6
bxc6 28. Qxc6 Raf8 29. Kh2 Qf3 30. Qe6 h5 31. h4 Kh7 32. Rfe1 Rf6 33. Qc4 Bb6
34. Rd2 Bxe3 35. Rxe3 Qg4 36. Kg2 Re8 37. Rde2 Rfe6 38. Qc2 Qf5 39. Kg1 Qg6 40.
Rd2 Rc6 41. Qd1 Re5 42. Kh2 Rf6 43. Kg2 Rfe6 44. Rd5 Qf5 45. Rxe5 Qxe5 46. Qd2
Rd6 47. Qc3 Qf5 48. b4 Rf6 49. Qc2 Re6 50. Qc4 Kh6 51. Qd4 Re8 52. Rc3 Re6 53.
Qe3+ Kh7 54. Rc7 Qf6 55. Rc5 Qf7 56. b5 axb5 57. axb5 Qe8 58. Rd5 Qf7 59. Rg5
g6 60. Rc5 Qb7 61. Kh2 Rb6 62. Qf4 1-0

[Event "Ct. Catalunya eq DH"]
[Site "?"]
[Date "2012.03.03"]
[Round "6.8"]
[White "Bofill Mas, A."]
[Black "Manera Lopez, J."]
[Result "1/2-1/2"]
[WhiteElo "2406"]
[BlackElo "2280"]
[PlyCount "89"]
[EventDate "2012.??.??"]
[EventType "team"]
[EventRounds "11"]

1. c4 g6 2. g3 Bg7 3. Bg2 d6 4. Nc3 e5 5. e4 Nc6 6. Nge2 f5 7. d3 Nf6 8. O-O
O-O 9. Nd5 Ne7 10. Nxf6+ Bxf6 11. Bh6 Bg7 12. Bxg7 Kxg7 13. Qd2 Nc6 14. exf5
Bxf5 15. d4 exd4 16. Nxd4 Nxd4 17. Qxd4+ Qf6 18. Qd2 Rae8 19. Rae1 b6 20. Bc6
Rxe1 21. Rxe1 Rf7 22. f4 Re7 23. Rxe7+ Qxe7 24. Qd4+ Qf6 25. Qxf6+ Kxf6 26. Kf2
Bb1 27. a3 Ba2 28. Bb5 Bb3 29. Ke3 Ke6 30. g4 c5 31. Ba6 h6 32. h4 Ba2 33. Kd2
Bb3 34. Bc8+ Ke7 35. Kc3 Bd1 36. g5 hxg5 37. hxg5 Bf3 38. Bh3 d5 39. cxd5 Bxd5
40. Kd3 a5 41. Ke3 b5 42. Bf1 b4 43. axb4 axb4 44. Bd3 Bf7 45. Bc2 1/2-1/2

[Event "Ct. Catalunya eq DH"]
[Site "?"]
[Date "2012.03.03"]
[Round "6.9"]
[White "Tallo Dominguez, I."]
[Black "Ferrer Piñol, JM."]
[Result "1-0"]
[WhiteElo "2304"]
[BlackElo "2104"]
[PlyCount "89"]
[EventDate "2012.??.??"]
[EventType "team"]
[EventRounds "11"]

1. e4 c5 2. Nf3 Nc6 3. d4 cxd4 4. Nxd4 g6 5. Nc3 Bg7 6. Nde2 Nf6 7. g3 d6 8.
Bg2 O-O 9. O-O Bd7 10. h3 a6 11. a4 Rb8 12. Nd5 Nxd5 13. exd5 Ne5 14. b3 Bc8
15. Nd4 Nd7 16. Ra2 Nf6 17. c4 Bd7 18. a5 Qc8 19. Kh2 b5 20. axb6 Rxb6 21. Be3
Rb8 22. Qd2 Ne8 23. Re1 e5 24. dxe6 fxe6 25. Rea1 e5 26. Ne2 Rxb3 27. c5 Kh8
28. cxd6 Bb5 29. Rc2 Qd7 30. Nc1 Rxe3 31. Qxe3 Qxd6 32. Nb3 Nc7 33. Rac1 Ne6
34. Rc8 Nd4 35. Rxf8+ Bxf8 36. Rc8 Kg7 37. Nc5 Nf5 38. Qb3 Nd4 39. Qa2 Qf6 40.
Rc7+ Kh8 41. Rf7 Qd6 42. Ne4 Qb4 43. Nf6 Bg7 44. Qd5 Bxf6 45. Qa8+ 1-0